000 00746nam a2200241 i 4500
005 20160118091313.0
008 140311b1998 sz ||||| |||| 00| 0 spa d
040 _aCO-BoIAVH
_cCO-BoIAVH
041 _aspa
044 _asz
082 0 4 _a658.84
_bR17d
100 1 _aRamsay Merriam, Caroline
110 _bCentro de Comercio Internacional, CCI
245 1 0 _aDesarrollo de la exportaciones de productos artesanales
260 _aGinebra :
_bCCI,
_c1998.
300 _a105 p.
650 1 4 _aArtesanías
650 2 4 _aArtesanías
_xAspectos económicos
650 2 4 _aExportaciones
650 2 4 _aArtesanías
_xComercialización
700 _aBenjamin, Malcom,
_eautor.
942 _cLIBRO
_2ddc
999 _c3392
_d3392